[Event "British Rapidplay Championship 2023"]
[Site "Mercure Bradford, Bankfield Hotel"]
[Date "2023.04.15"]
[Round "1.20"]
[White "De Silva, Sithun"]
[Black "Cansdale, Zachary"]
[Result "0-1"]
[TimeControl "All moves in 15 minutes plus 10 second increment per move from move 1"]
[WhiteElo "1507"]
[BlackElo "1975"]

1. e4 {[%clk 00:15:18]} {[%emt 00:00:02]} c6 {[%clk 00:15:19]} {[%emt
00:00:02]} 2. d4 {[%clk 00:15:25]} {[%emt 00:00:02]} d5 {[%clk 00:15:27]}
{[%emt 00:00:02]} 3. exd5 {[%clk 00:15:30]} {[%emt 00:00:06]} cxd5 {[%clk
00:15:35]} {[%emt 00:00:01]} 4. Bf4 {[%clk 00:15:25]} {[%emt 00:00:15]} Nc6
{[%clk 00:15:33]} {[%emt 00:00:12]} 5. Nf3 {[%clk 00:15:29]} {[%emt 00:00:06]}
Nf6 {[%clk 00:15:39]} {[%emt 00:00:05]} 6. Nbd2 {[%clk 00:15:31]} {[%emt
00:00:07]} Bg4 {[%clk 00:15:36]} {[%emt 00:00:14]} 7. c3 {[%clk 00:15:34]}
{[%emt 00:00:07]} e6 {[%clk 00:15:42]} {[%emt 00:00:03]} 8. Qb3 {[%clk
00:14:46]} {[%emt 00:00:59]} Qc8 {[%clk 00:14:17]} {[%emt 00:01:35]} 9. Ne5
{[%clk 00:13:51]} {[%emt 00:01:04]} Nxe5 {[%clk 00:13:44]} {[%emt 00:00:43]} 10.
Bxe5 {[%clk 00:13:33]} {[%emt 00:00:28]} Nd7 {[%clk 00:12:53]} {[%emt
00:01:02]} 11. Bg3 {[%clk 00:12:13]} {[%emt 00:01:29]} Be7 {[%clk 00:12:54]}
{[%emt 00:00:09]} 12. Bd3 {[%clk 00:12:16]} {[%emt 00:00:06]} O-O {[%clk
00:12:35]} {[%emt 00:00:29]} 13. O-O {[%clk 00:12:09]} {[%emt 00:00:18]} Bh5
{[%clk 00:11:30]} {[%emt 00:01:15]} 14. Rfe1 {[%clk 00:11:56]} {[%emt
00:00:23]} a6 {[%clk 00:11:02]} {[%emt 00:00:39]} 15. a4 {[%clk 00:10:38]}
{[%emt 00:01:27]} Nf6 {[%clk 00:10:22]} {[%emt 00:00:51]} 16. Nf1 {[%clk
00:10:20]} {[%emt 00:00:27]} Qd7 {[%clk 00:09:37]} {[%emt 00:00:55]} 17. h3
{[%clk 00:09:13]} {[%emt 00:01:16]} Bg6 {[%clk 00:08:36]} {[%emt 00:01:12]} 18.
Bxg6 {[%clk 00:08:54]} {[%emt 00:00:29]} hxg6 {[%clk 00:08:45]} {[%emt
00:00:01]} 19. Nd2 {[%clk 00:08:30]} {[%emt 00:00:33]} Bd6 {[%clk 00:08:18]}
{[%emt 00:00:38]} 20. Bxd6 {[%clk 00:06:49]} {[%emt 00:01:52]} Qxd6 {[%clk
00:08:25]} {[%emt 00:00:02]} 21. Qc2 {[%clk 00:06:28]} {[%emt 00:00:30]} Rfc8
{[%clk 00:07:44]} {[%emt 00:00:52]} 22. Qd3 {[%clk 00:06:35]} {[%emt 00:00:03]}
Rab8 {[%clk 00:07:32]} {[%emt 00:00:22]} 23. a5 {[%clk 00:06:18]} {[%emt
00:00:27]} b5 {[%clk 00:05:41]} {[%emt 00:02:01]} 24. b4 {[%clk 00:05:01]}
{[%emt 00:01:27]} Rc6 {[%clk 00:03:09]} {[%emt 00:02:43]} 25. Nb3 {[%clk
00:04:56]} {[%emt 00:00:15]} Re8 {[%clk 00:02:59]} {[%emt 00:00:19]} 26. Nc5
{[%clk 00:04:41]} {[%emt 00:00:25]} Rc7 {[%clk 00:02:37]} {[%emt 00:00:33]} 27.
Rad1 {[%clk 00:04:37]} {[%emt 00:00:13]} Rce7 {[%clk 00:02:44]} {[%emt
00:00:03]} 28. Re5 {[%clk 00:03:34]} {[%emt 00:01:11]} Nd7 {[%clk 00:02:44]}
{[%emt 00:00:11]} 29. Nxd7 {[%clk 00:02:54]} {[%emt 00:00:51]} Rxd7 {[%clk
00:02:50]} {[%emt 00:00:04]} 30. Rde1 {[%clk 00:02:34]} {[%emt 00:00:30]} Rc8
{[%clk 00:02:59]} {[%emt 00:00:02]} 31. R5e2 {[%clk 00:02:35]} {[%emt
00:00:08]} Rdc7 {[%clk 00:03:07]} {[%emt 00:00:02]} 32. Rc2 {[%clk 00:02:33]}
{[%emt 00:00:09]} Rc4 {[%clk 00:03:16]} {[%emt 00:00:04]} 33. Rec1 {[%clk
00:02:34]} {[%emt 00:00:09]} Qc7 {[%clk 00:03:24]} {[%emt 00:00:02]} 34. g3
{[%clk 00:02:31]} {[%emt 00:00:13]} Kf8 {[%clk 00:03:30]} {[%emt 00:00:04]} 35.
Kg2 {[%clk 00:02:34]} {[%emt 00:00:05]} Qc6 {[%clk 00:03:36]} {[%emt 00:00:06]}
36. f3 {[%clk 00:02:30]} {[%emt 00:00:12]} Ke7 {[%clk 00:03:44]} {[%emt
00:00:05]} 37. Kf2 {[%clk 00:02:34]} {[%emt 00:00:04]} Qc7 {[%clk 00:03:50]}
{[%emt 00:00:05]} 38. f4 {[%clk 00:02:43]} {[%emt 00:00:02]} Rh8 {[%clk
00:03:55]} {[%emt 00:00:05]} 39. h4 {[%clk 00:02:41]} {[%emt 00:00:11]} Rc8
{[%clk 00:04:00]} {[%emt 00:00:05]} 40. Kf3 {[%clk 00:02:44]} {[%emt 00:00:03]}
Kf8 {[%clk 00:04:09]} {[%emt 00:00:04]} 41. Kf2 {[%clk 00:02:53]} {[%emt
00:00:02]} Qd8 {[%clk 00:04:04]} {[%emt 00:00:15]} 42. Re1 {[%clk 00:02:24]}
{[%emt 00:00:39]} Qc7 {[%clk 00:03:58]} {[%emt 00:00:16]} 43. Rec1 {[%clk
00:02:32]} {[%emt 00:00:02]} Ke7 {[%clk 00:04:00]} {[%emt 00:00:08]} 44. Kf3
{[%clk 00:02:39]} {[%emt 00:00:02]} Qd8 {[%clk 00:04:09]} {[%emt 00:00:02]} 45.
Qe3 {[%clk 00:02:24]} {[%emt 00:00:18]} Qh8 {[%clk 00:04:11]} {[%emt 00:00:15]}
46. Kf2 {[%clk 00:02:23]} {[%emt 00:00:10]} Qh5 {[%clk 00:04:18]} {[%emt
00:00:04]} 47. Qe5 {[%clk 00:01:54]} {[%emt 00:00:35]} Qxe5 {[%clk 00:04:23]}
{[%emt 00:00:10]} 48. fxe5 {[%clk 00:01:56]} {[%emt 00:00:07]} f6 {[%clk
00:04:30]} {[%emt 00:00:03]} 49. exf6+ {[%clk 00:01:56]} {[%emt 00:00:11]} gxf6
{[%clk 00:04:39]} {[%emt 00:00:01]} 50. Ke3 {[%clk 00:01:56]} {[%emt 00:00:07]}
e5 {[%clk 00:04:46]} {[%emt 00:00:05]} 51. dxe5 {[%clk 00:01:50]} {[%emt
00:00:16]} fxe5 {[%clk 00:04:55]} {[%emt 00:00:01]} 52. Kf3 {[%clk 00:01:46]}
{[%emt 00:00:09]} d4 {[%clk 00:04:52]} {[%emt 00:00:18]} 53. Ke4 {[%clk
00:01:10]} {[%emt 00:00:46]} Ke6 {[%clk 00:03:53]} {[%emt 00:01:09]} 54. Kd3
{[%clk 00:00:27]} {[%emt 00:00:53]} Kd5 {[%clk 00:03:39]} {[%emt 00:00:24]} 55.
cxd4 {[%clk 00:00:19]} {[%emt 00:00:18]} e4+ {[%clk 00:02:03]} {[%emt
00:01:46]} 56. Kd2 {[%clk 00:00:19]} {[%emt 00:00:10]} Rxd4+ {[%clk 00:02:04]}
{[%emt 00:00:09]} 57. Ke2 {[%clk 00:00:16]} {[%emt 00:00:09]} Rxc2+ {[%clk
00:01:56]} {[%emt 00:00:23]} 58. Rxc2 {[%clk 00:00:24]} {[%emt 00:00:02]} Rxb4
{[%clk 00:02:03]} {[%emt 00:00:02]} 59. g4 {[%clk 00:00:17]} {[%emt 00:00:17]}
Rb3 {[%clk 00:02:01]} {[%emt 00:00:12]} 60. Rc8 {[%clk 00:00:19]} {[%emt
00:00:09]} Rh3 {[%clk 00:01:22]} {[%emt 00:00:49]} 61. h5 {[%clk 00:00:12]}
{[%emt 00:00:16]} gxh5 {[%clk 00:01:29]} {[%emt 00:00:04]} 62. gxh5 {[%clk
00:00:20]} {[%emt 00:00:02]} Rxh5 {[%clk 00:01:30]} {[%emt 00:00:09]} 63. Rd8+
{[%clk 00:00:21]} {[%emt 00:00:09]} Kc5 {[%clk 00:01:34]} {[%emt 00:00:06]} 64.
Re8 {[%clk 00:00:15]} {[%emt 00:00:16]} Kb4 {[%clk 00:01:29]} {[%emt 00:00:15]}
65. Rxe4+ {[%clk 00:00:21]} {[%emt 00:00:04]} Kxa5 {[%clk 00:01:38]} {[%emt
00:00:01]} 66. Kd2 {[%clk 00:00:26]} {[%emt 00:00:05]} Rc5 {[%clk 00:01:47]}
{[%emt 00:00:01]} 67. Re3 {[%clk 00:00:29]} {[%emt 00:00:07]} b4 {[%clk
00:01:56]} {[%emt 00:00:02]} 68. Re1 {[%clk 00:00:26]} {[%emt 00:00:12]} Kb5
{[%clk 00:02:01]} {[%emt 00:00:07]} 69. Kd3 {[%clk 00:00:29]} {[%emt 00:00:06]}
a5 {[%clk 00:02:10]} 70. Kd4 {[%clk 00:00:31]} {[%emt 00:00:06]} a4 {[%clk
00:02:18]} {[%emt 00:00:03]} 71. Rb1 {[%clk 00:00:33]} {[%emt 00:00:08]} b3
{[%clk 00:02:27]} {[%emt 00:00:02]} 72. Rb2 {[%clk 00:00:37]} {[%emt 00:00:06]}
Kb4 {[%clk 00:02:34]} {[%emt 00:00:02]} 73. Rb1 {[%clk 00:00:41]} {[%emt
00:00:06]} a3 {[%clk 00:02:37]} {[%emt 00:00:08]} 74. Rd1 {[%clk 00:00:36]}
{[%emt 00:00:12]} b2 {[%clk 00:02:43]} {[%emt 00:00:06]} 75. Rb1 {[%clk
00:00:38]} {[%emt 00:00:08]} Rc1 {[%clk 00:02:51]} {[%emt 00:00:02]} 0-1

[Event "British Rapidplay Championship 2023"]
[Site "Mercure Bradford, Bankfield Hotel"]
[Date "2023.04.15"]
[Round "1.21"]
[White "Sivanandan, Bodhana"]
[Black "Convalle, Pietro"]
[Result "1-0"]
[TimeControl "All moves in 15 minutes plus 10 second increment per move from move 1"]
[WhiteElo "1975"]
[BlackElo "1481"]

1. e4 {[%clk 00:15:18]} {[%emt 00:00:01]} e6 {[%clk 00:15:19]} {[%emt
00:00:02]} 2. d4 {[%clk 00:15:26]} {[%emt 00:00:02]} d6 {[%clk 00:15:27]}
{[%emt 00:00:02]} 3. Nf3 {[%clk 00:15:31]} {[%emt 00:00:05]} Nd7 {[%clk
00:15:27]} {[%emt 00:00:10]} 4. Bd3 {[%clk 00:15:36]} {[%emt 00:00:05]} a6
{[%clk 00:15:34]} {[%emt 00:00:03]} 5. c3 {[%clk 00:15:33]} {[%emt 00:00:12]}
Ne7 {[%clk 00:15:37]} {[%emt 00:00:07]} 6. Bf4 {[%clk 00:15:15]} {[%emt
00:00:28]} h6 {[%clk 00:15:22]} {[%emt 00:00:26]} 7. h4 {[%clk 00:15:13]}
{[%emt 00:00:12]} b6 {[%clk 00:15:24]} {[%emt 00:00:08]} 8. Nbd2 {[%clk
00:15:06]} {[%emt 00:00:16]} Ng6 {[%clk 00:15:23]} {[%emt 00:00:11]} 9. Bg3
{[%clk 00:15:07]} {[%emt 00:00:09]} Bb7 {[%clk 00:15:26]} {[%emt 00:00:08]} 10.
h5 {[%clk 00:14:18]} {[%emt 00:00:59]} Ne7 {[%clk 00:15:34]} {[%emt 00:00:02]}
11. Bh4 {[%clk 00:13:27]} {[%emt 00:01:01]} Nf6 {[%clk 00:15:05]} {[%emt
00:00:38]} 12. Qe2 {[%clk 00:12:41]} {[%emt 00:00:56]} Qd7 {[%clk 00:15:00]}
{[%emt 00:00:15]} 13. O-O-O {[%clk 00:11:43]} {[%emt 00:01:08]} Nxh5 {[%clk
00:15:01]} {[%emt 00:00:09]} 14. g3 {[%clk 00:10:30]} {[%emt 00:01:24]} O-O-O
{[%clk 00:13:05]} {[%emt 00:02:06]} 15. Bxe7 {[%clk 00:10:21]} {[%emt
00:00:18]} Bxe7 {[%clk 00:13:01]} {[%emt 00:00:15]} 16. Rxh5 {[%clk 00:10:26]}
{[%emt 00:00:05]} g6 {[%clk 00:13:06]} {[%emt 00:00:05]} 17. Rhh1 {[%clk
00:10:29]} {[%emt 00:00:05]} g5 {[%clk 00:13:11]} {[%emt 00:00:06]} 18. Bxa6
{[%clk 00:10:13]} {[%emt 00:00:26]} Qa4 {[%clk 00:13:14]} {[%emt 00:00:07]} 19.
Bxb7+ {[%clk 00:10:08]} {[%emt 00:00:15]} Kxb7 {[%clk 00:13:23]} {[%emt
00:00:02]} 20. Qc4 {[%clk 00:10:10]} {[%emt 00:00:08]} Ra8 {[%clk 00:13:26]}
{[%emt 00:00:07]} 21. Qxa4 {[%clk 00:10:16]} {[%emt 00:00:04]} Rxa4 {[%clk
00:13:34]} {[%emt 00:00:02]} 22. a3 {[%clk 00:10:24]} {[%emt 00:00:01]} f6
{[%clk 00:13:38]} {[%emt 00:00:07]} 23. Rh5 {[%clk 00:10:10]} {[%emt 00:00:24]}
c6 {[%clk 00:13:23]} {[%emt 00:00:24]} 24. Rdh1 {[%clk 00:10:04]} {[%emt
00:00:16]} Bf8 {[%clk 00:13:30]} {[%emt 00:00:03]} 25. e5 {[%clk 00:10:11]}
{[%emt 00:00:14]} g4 {[%clk 00:12:42]} {[%emt 00:01:08]} 26. Nh4 {[%clk
00:10:14]} {[%emt 00:00:06]} Rg8 {[%clk 00:11:05]} {[%emt 00:01:47]} 27. exf6
{[%clk 00:09:49]} {[%emt 00:00:36]} Rg5 {[%clk 00:10:37]} {[%emt 00:00:38]} 28.
Rxg5 {[%clk 00:09:52]} {[%emt 00:00:07]} hxg5 {[%clk 00:10:45]} {[%emt
00:00:01]} 29. Ng6 {[%clk 00:10:00]} {[%emt 00:00:02]} Ra8 {[%clk 00:10:47]}
{[%emt 00:00:09]} 30. Rh8 {[%clk 00:10:03]} {[%emt 00:00:07]} c5 {[%clk
00:10:48]} {[%emt 00:00:09]} 31. Rxf8 {[%clk 00:10:03]} {[%emt 00:00:09]} Rxf8
{[%clk 00:10:56]} {[%emt 00:00:03]} 32. Nxf8 {[%clk 00:10:09]} {[%emt
00:00:03]} e5 {[%clk 00:11:00]} {[%emt 00:00:07]} 33. f7 {[%clk 00:10:13]}
{[%emt 00:00:06]} Kc7 {[%clk 00:11:05]} {[%emt 00:00:05]} 34. Ne6+ {[%clk
00:10:20]} {[%emt 00:00:02]} Kc6 {[%clk 00:11:11]} {[%emt 00:00:04]} 35. f8=Q
{[%clk 00:10:13]} {[%emt 00:00:18]} c4 {[%clk 00:11:17]} {[%emt 00:00:04]} 36.
Nd8+ {[%clk 00:09:58]} {[%emt 00:00:24]} Kb5 {[%clk 00:11:22]} {[%emt
00:00:06]} 37. Qe8+ {[%clk 00:09:57]} {[%emt 00:00:11]} Ka6 {[%clk 00:11:27]}
{[%emt 00:00:04]} 38. Qa4# {[%clk 00:10:04]} {[%emt 00:00:03]} 1-0

[Event "British Rapidplay Championship 2023"]
[Site "Mercure Bradford, Bankfield Hotel"]
[Date "2023.04.15"]
[Round "1.22"]
[White "McKay, Ruairidh"]
[Black "Burgess, David"]
[Result "0-1"]
[TimeControl "All moves in 15 minutes plus 10 second increment per move from move 1"]
[WhiteElo "1460"]
[BlackElo "1973"]

1. d4 {[%clk 00:15:19]} Nf6 {[%clk 00:15:19]} {[%emt 00:00:02]} 2. c4 {[%clk
00:15:27]} {[%emt 00:00:01]} g6 {[%clk 00:15:27]} {[%emt 00:00:02]} 3. Nc3
{[%clk 00:15:35]} {[%emt 00:00:02]} Bg7 {[%clk 00:15:36]} {[%emt 00:00:01]} 4.
e4 {[%clk 00:15:42]} {[%emt 00:00:03]} d6 {[%clk 00:15:44]} {[%emt 00:00:02]} 5.
Be2 {[%clk 00:15:44]} {[%emt 00:00:08]} O-O {[%clk 00:15:51]} {[%emt 00:00:03]}
6. Bg5 {[%clk 00:15:48]} {[%emt 00:00:06]} e5 {[%clk 00:15:54]} {[%emt
00:00:07]} 7. d5 {[%clk 00:15:56]} {[%emt 00:00:02]} a5 {[%clk 00:16:02]}
{[%emt 00:00:03]} 8. f3 {[%clk 00:15:43]} {[%emt 00:00:23]} Na6 {[%clk
00:16:04]} {[%emt 00:00:08]} 9. Qd2 {[%clk 00:15:40]} {[%emt 00:00:12]} Nc5
{[%clk 00:15:46]} {[%emt 00:00:28]} 10. g4 {[%clk 00:15:38]} {[%emt 00:00:12]}
Bd7 {[%clk 00:15:06]} {[%emt 00:00:50]} 11. h4 {[%clk 00:15:19]} {[%emt
00:00:29]} Qc8 {[%clk 00:14:20]} {[%emt 00:00:56]} 12. Nh3 {[%clk 00:13:54]}
{[%emt 00:01:35]} h5 {[%clk 00:14:00]} {[%emt 00:00:30]} 13. Nf2 {[%clk
00:11:16]} {[%emt 00:02:48]} hxg4 {[%clk 00:11:59]} {[%emt 00:02:12]} 14. O-O-O
{[%clk 00:08:33]} {[%emt 00:02:53]} g3 {[%clk 00:10:58]} {[%emt 00:01:11]} 15.
Nd3 {[%clk 00:07:54]} {[%emt 00:00:48]} Nxd3+ {[%clk 00:10:45]} {[%emt
00:00:25]} 16. Bxd3 {[%clk 00:07:14]} {[%emt 00:00:50]} Nh5 {[%clk 00:10:50]}
{[%emt 00:00:04]} 17. Ne2 {[%clk 00:06:23]} {[%emt 00:01:01]} Bh3 {[%clk
00:10:04]} {[%emt 00:00:56]} 18. Ng1 {[%clk 00:03:54]} {[%emt 00:02:39]} Bd7
{[%clk 00:10:07]} {[%emt 00:00:07]} 19. Bf1 {[%clk 00:03:50]} {[%emt 00:00:14]}
a4 {[%clk 00:09:43]} {[%emt 00:00:34]} 20. a3 {[%clk 00:03:52]} {[%emt
00:00:08]} f6 {[%clk 00:08:41]} {[%emt 00:01:13]} 21. Be3 {[%clk 00:03:26]}
{[%emt 00:00:36]} f5 {[%clk 00:08:46]} {[%emt 00:00:05]} 22. Bh3 {[%clk
00:03:04]} {[%emt 00:00:32]} f4 {[%clk 00:08:45]} {[%emt 00:00:10]} 23. Bxd7
{[%clk 00:03:02]} {[%emt 00:00:12]} Qxd7 {[%clk 00:08:53]} {[%emt 00:00:02]} 24.
Ne2 {[%clk 00:02:08]} {[%emt 00:01:05]} fxe3 {[%clk 00:08:49]} {[%emt
00:00:14]} 25. Qxe3 {[%clk 00:02:16]} {[%emt 00:00:01]} Kh7 {[%clk 00:08:43]}
{[%emt 00:00:17]} 26. Kb1 {[%clk 00:02:19]} {[%emt 00:00:07]} Bh6 {[%clk
00:08:43]} {[%emt 00:00:09]} 27. Qd3 {[%clk 00:02:08]} {[%emt 00:00:22]} Rf7
{[%clk 00:08:40]} {[%emt 00:00:13]} 28. Rhg1 {[%clk 00:01:53]} {[%emt
00:00:25]} Raf8 {[%clk 00:08:44]} {[%emt 00:00:06]} 29. Rdf1 {[%clk 00:01:57]}
{[%emt 00:00:06]} Qh3 {[%clk 00:08:21]} {[%emt 00:00:32]} 0-1

[Event "British Rapidplay Championship 2023"]
[Site "Mercure Bradford, Bankfield Hotel"]
[Date "2023.04.15"]
[Round "1.23"]
[White "Bak, Andrew"]
[Black "Weldon, James"]
[Result "1-0"]
[TimeControl "All moves in 15 minutes plus 10 second increment per move from move 1"]
[WhiteElo "1959"]
[BlackElo "1455"]

1. e4 {[%clk 00:15:17]} {[%emt 00:00:02]} c5 {[%clk 00:15:16]} {[%emt
00:00:04]} 2. Nf3 {[%clk 00:15:26]} {[%emt 00:00:01]} d6 {[%clk 00:15:25]}
{[%emt 00:00:02]} 3. d4 {[%clk 00:15:34]} {[%emt 00:00:02]} a6 {[%clk
00:15:28]} {[%emt 00:00:07]} 4. dxc5 {[%clk 00:15:00]} {[%emt 00:00:44]} Qa5+
{[%clk 00:14:49]} {[%emt 00:00:49]} 5. Nc3 {[%clk 00:15:03]} {[%emt 00:00:07]}
Qxc5 {[%clk 00:14:56]} {[%emt 00:00:03]} 6. Be3 {[%clk 00:15:01]} {[%emt
00:00:12]} Qc7 {[%clk 00:14:56]} {[%emt 00:00:11]} 7. Nd5 {[%clk 00:14:55]}
{[%emt 00:00:15]} Qd8 {[%clk 00:14:41]} {[%emt 00:00:25]} 8. Bb6 {[%clk
00:14:51]} {[%emt 00:00:15]} Qd7 {[%clk 00:13:19]} {[%emt 00:01:33]} 9. Nc7+
{[%clk 00:14:58]} {[%emt 00:00:03]} Kd8 {[%clk 00:13:27]} {[%emt 00:00:02]} 10.
Nxa8+ {[%clk 00:15:03]} {[%emt 00:00:04]} Ke8 {[%clk 00:13:36]} 11. Nc7+ {[%clk
00:15:05]} {[%emt 00:00:09]} Kd8 {[%clk 00:13:42]} {[%emt 00:00:04]} 12. Ng5
{[%clk 00:14:43]} {[%emt 00:00:31]} Nh6 {[%clk 00:13:41]} {[%emt 00:00:12]} 13.
Qh5 {[%clk 00:14:36]} {[%emt 00:00:16]} g6 {[%clk 00:13:48]} {[%emt 00:00:03]}
14. Qxh6 {[%clk 00:14:40]} {[%emt 00:00:06]} Qxc7 {[%clk 00:13:40]} {[%emt
00:00:18]} 15. Bxc7+ {[%clk 00:14:45]} {[%emt 00:00:06]} Kxc7 {[%clk 00:13:48]}
{[%emt 00:00:02]} 16. Qh3 {[%clk 00:14:48]} {[%emt 00:00:06]} Bxh3 {[%clk
00:13:56]} {[%emt 00:00:03]} 17. Nxh3 {[%clk 00:14:54]} {[%emt 00:00:03]} Nc6
{[%clk 00:14:00]} {[%emt 00:00:06]} 18. O-O-O {[%clk 00:15:00]} {[%emt
00:00:05]} Bg7 {[%clk 00:14:07]} {[%emt 00:00:03]} 19. f4 {[%clk 00:15:02]}
{[%emt 00:00:07]} Bh6 {[%clk 00:13:06]} {[%emt 00:01:12]} 20. g3 {[%clk
00:15:09]} {[%emt 00:00:03]} e5 {[%clk 00:13:13]} {[%emt 00:00:03]} 21. Kb1
{[%clk 00:15:14]} {[%emt 00:00:05]} exf4 {[%clk 00:13:20]} {[%emt 00:00:04]} 22.
Nxf4 {[%clk 00:15:11]} {[%emt 00:00:12]} Re8 {[%clk 00:13:26]} {[%emt
00:00:05]} 23. Nd5+ {[%emt 00:00:07]} Kb8 {[%clk 00:13:26]} {[%emt 00:00:07]}
24. Bg2 {[%clk 00:15:21]} {[%emt 00:00:05]} Bg7 {[%clk 00:13:05]} {[%emt
00:00:32]} 25. Rhf1 {[%clk 00:15:28]} {[%emt 00:00:03]} Ne5 {[%clk 00:13:08]}
{[%emt 00:00:07]} 26. Nf6 {[%clk 00:15:32]} {[%emt 00:00:05]} Bxf6 {[%clk
00:13:14]} {[%emt 00:00:04]} 27. Rxf6 {[%clk 00:15:40]} {[%emt 00:00:03]} Ng4
{[%clk 00:13:04]} {[%emt 00:00:20]} 28. Rxf7 {[%clk 00:15:44]} {[%emt
00:00:06]} Ne3 {[%clk 00:13:12]} {[%emt 00:00:03]} 29. Rd2 {[%clk 00:15:29]}
{[%emt 00:00:24]} Nxg2 {[%clk 00:13:19]} {[%emt 00:00:04]} 30. Rxg2 {[%clk
00:15:37]} {[%emt 00:00:02]} Rxe4 {[%clk 00:13:28]} 31. b3 {[%clk 00:15:43]}
{[%emt 00:00:04]} h5 {[%clk 00:13:36]} {[%emt 00:00:02]} 32. Rg7 {[%clk
00:15:39]} {[%emt 00:00:13]} Re6 {[%clk 00:13:44]} {[%emt 00:00:03]} 33. Rf2
{[%clk 00:15:46]} {[%emt 00:00:02]} Kc8 {[%clk 00:12:34]} {[%emt 00:01:20]} 34.
Rf8+ {[%clk 00:15:52]} {[%emt 00:00:04]} 1-0